Biochemistry: the chemical reactions of living cells
Uloženo v:
| Hlavní autor: | |
|---|---|
| Médium: | Kniha |
| Jazyk: | angličtina |
| Vydáno: |
Nueva York
Academic
1977
|
| Vydání: | 1a. ed |
| Témata: | |
| Tagy: |
Přidat tag
Žádné tagy, Buďte první, kdo vytvoří štítek k tomuto záznamu!
|
MARC
| LEADER | 00000nam a2200000 a 4500 | ||
|---|---|---|---|
| 001 | UCT4104 | ||
| 003 | CL-VaPUC | ||
| 008 | 961108e19770000US |||||||||||||||||eng|d | ||
| 020 | |a 0124925502 | ||
| 082 | 0 | 4 | |a 572 |b MET |2 21 |
| 100 | |a Metzler, David E. |e autor |9 373238 | ||
| 245 | 1 | 0 | |a Biochemistry: the chemical reactions of living cells |
| 250 | |a 1a. ed | ||
| 300 | |a 1129 p | ||
| 942 | |c BK | ||
| 945 | |d 19961108 00:00:00 |a paguirre | ||
| 260 | |a Nueva York |b Academic |c 1977 | ||
| 650 | 0 | |a Bioquímica |9 259492 | |
| 650 | 0 | |a Moléculas |9 259584 | |
| 650 | 0 | |a Reacciones químicas |9 259438 | |
| 650 | 0 | |a Enzimas |9 262984 | |
| 650 | 7 | |a COENZIMAS |2 CL-VaPUC |9 361503 | |
| 650 | 0 | |a Metabolismo |9 259893 | |
| 650 | 0 | |a Lípidos |9 306890 | |
| 583 | |a last modification |c 20171031 10:59:53 |k Rodrigo Vera | ||
| 999 | |c 253538 |d 253536 | ||
| 952 | |0 0 |1 0 |4 0 |6 572_000000000000000_MET_1977 |7 0 |8 A |9 274438 |a BIBCUR |b BIBCUR |d 2019-11-19 |i 4782100 |o 572 MET 1977 |p 4782100 |r 2025-04-22 |w 2019-11-19 |y BK |k QUI | ||